Statistiques concernant Les pays dont le nom commence et se termine par une voyelle

Cliquez ici pour prendre le quiz!

Statistiques générales

  • Ce quiz a été pris 606 fois
  • Le résultat moyen est 20 sur 24

Statistiques - réponses

Nom du pays% Correct
14Espagne
92%
2Algérie
90%
11Australie
90%
1Albanie
89%
19Irlande
89%
20Islande
88%
15Estonie
87%
21Italie
87%
3Allemagne
86%
5Angola
86%
9Arménie
86%
13Erythrée
85%
10Autriche
84%
4Andorre
83%
17Inde
83%
8Argentine
82%
16Ethiopie
82%
18Indonésie
81%
12Egypte
80%
24Uruguay
80%
22Ouganda
78%
7Arabie Saoudite
75%
23Ukraine
68%
6Antigua-et-Barbuda
51%

Distribution des résultats

Percentile par nombre de réponses

% des personnes avec chaque résultat

Votre développement - résultats

Vous n’avez pas pris ce quiz